000 00369nam a22001457a 4500
020 _a81-219-2747-1
082 _a158
_bVIS/G
100 _aVISHALA, SISTER MARY
245 _aGUIDANCE AND COUNSELLING
_bFOR TEACHERS, PARENTS AND STUDENTS
250 _aFIRST EDITION
260 _aDELHI
_bS CHAND & CO
_c2006
300 _a152
650 _aPSYCHOLOGY
_zINDIA
942 _cBK
999 _c5623
_d5623